000 00226 a2200085 4500
020 _a9781472468703
100 _a Filipa Matos Wunderlich
245 _aTemporal Urban Design Temporality, Rhythm and Place
260 _bRoutledge
_c2024
999 _c13127
_d13127